Loading...
| Literature - World Literature | 4 | 6 | 0 | 0 | 120 | 55 | 83.00 | 6 | 10 |
| Literature - American Literature | 6 | 3 | 1 | 1 | 115 | 43 | 70.67 | 8 | 9 |
| Literature - European Literature | 5 | 4 | 0 | 0 | 115 | 50 | 79.78 | 8 | 9 |
| Fine Arts - Visual Fine Arts | 3 | 5 | 1 | 0 | 90 | 52 | 75.88 | 5 | 8 |
| Literature - British Literature | 4 | 2 | 0 | 0 | 80 | 44 | 70.50 | 5 | 6 |
| Fine Arts - Other Fine Arts | 2 | 6 | 2 | 0 | 80 | 47 | 94.25 | 6 | 8 |
| Religion | 4 | 2 | 0 | 0 | 80 | 29 | 64.17 | 5 | 6 |
| Philosophy | 3 | 4 | 2 | 0 | 75 | 49 | 73.71 | 6 | 7 |
| Fine Arts - Auditory Fine Arts | 0 | 7 | 2 | 2 | 60 | 84 | 116.57 | 3 | 7 |
| Science - Physics | 0 | 6 | 0 | 3 | 60 | 87 | 111.83 | 2 | 6 |
| Social Science | 0 | 5 | 0 | 1 | 50 | 64 | 89.20 | 3 | 5 |
| Science - Other Science | 0 | 5 | 1 | 0 | 45 | 70 | 102.40 | 2 | 5 |
| History - American History | 0 | 4 | 0 | 1 | 40 | 102 | 118.75 | 0 | 4 |
| History - Other History | 1 | 3 | 2 | 0 | 35 | 67 | 76.75 | 2 | 4 |
| Science - Chemistry | 0 | 3 | 1 | 1 | 25 | 68 | 92.67 | 2 | 3 |
| History - World History | 0 | 2 | 0 | 0 | 20 | 79 | 108.00 | 1 | 2 |
| Geography | 1 | 0 | 0 | 0 | 15 | 58 | 58.00 | 1 | 1 |
| History - European History | 1 | 0 | 0 | 0 | 15 | 55 | 55.00 | 0 | 1 |
| Other Academic | 0 | 1 | 0 | 0 | 10 | 87 | 87.00 | 0 | 1 |
| Mythology | 0 | 1 | 0 | 0 | 10 | 139 | 139.00 | 0 | 1 |
| Science - Biology | 0 | 1 | 1 | 0 | 5 | 110 | 110.00 | 0 | 1 |